Catálogo público

De la tierra a la luna / (Record no. 169734)

MARC details
000 -CABECERA
campo de control de longitud fija 00921nam a2200337Ia 4500
001 - NÚMERO DE CONTROL
campo de control Z_6467
003 - IDENTIFICADOR DEL NÚMERO DE CONTROL
campo de control CHAP
008 - DATOS DE LONGITUD FIJA--INFORMACIÓN GENERAL
campo de control de longitud fija 220113s9999 xx 000 0 und d
010 ## - NÚMERO DE CONTROL DE LA BIBLIOTECA DEL CONGRESO
Número de control de LC 169734
020 ## - NÚMERO INTERNACIONAL ESTÁNDAR DEL LIBRO
Número Internacional Estándar del Libro 970-627-800-1 \ 978-970-627-800-5
040 ## - FUENTE DE LA CATALOGACIÓN
Centro/agencia transcriptor CHAP
082 ## - NÚMERO DE LA CLASIFICACIÓN DECIMAL DEWEY
Número de clasificación 843 V47 D45
100 ## - ENTRADA PRINCIPAL--NOMBRE DE PERSONA
Nombre de persona Verne, Julio, 1828 -1905
9 (RLIN) 140390
240 ## - TÍTULO UNIFORME
Título uniforme From the earth to the moon
245 ## - MENCIÓN DE TÍTULO
Título De la tierra a la luna /
Mención de responsabilidad, etc. Julio Verne; traducción Julieta López Serdán
260 ## - PUBLICACIÓN, DISTRIBUCIÓN, ETC.
Lugar de publicación, distribución, etc. México :
Nombre del editor, distribuidor, etc. Época,
Fecha de publicación, distribución, etc.
300 ## - DESCRIPCIÓN FÍSICA
Extensión 170 p.
440 ## - MENCIÓN DE SERIE/PUNTO DE ACCESO ADICIONAL--TÍTULO
Título (Nuevo Talento)
9 (RLIN) 143088
503 ## - NOTA DE HISTORIA BIBLIOGRÁFICA (BK CF MU) [OBSOLETO]
Nota de historia bibliográfica ej.1: consumo
504 ## - NOTA DE BIBLIOGRAFÍA, ETC.
Nota de bibliografía, etc. Icluye índice
650 ## - PUNTO DE ACCESO ADICIONAL DE MATERIA--TÉRMINO DE MATERIA
Término de materia o nombre geográfico como elemento de entrada Aventuras y aventureros
9 (RLIN) 143089
650 ## - PUNTO DE ACCESO ADICIONAL DE MATERIA--TÉRMINO DE MATERIA
Término de materia o nombre geográfico como elemento de entrada Literatura francesa
9 (RLIN) 67127
650 ## - PUNTO DE ACCESO ADICIONAL DE MATERIA--TÉRMINO DE MATERIA
Término de materia o nombre geográfico como elemento de entrada Novela francesa
9 (RLIN) 82020
700 ## - PUNTO DE ACCESO ADICIONAL--NOMBRE DE PERSONA
Nombre de persona López Serdán, Julieta, tr.
9 (RLIN) 144866
901 ## - ELEMENTOS DE DATOS A LOCAL LDA (RLIN)
a 843 V47 D45
902 ## - ELEMENTOS DE DATOS B LOCAL, LDB (RLIN)
a M
910 ## - DATOS DE OPCIÓN DEL USUARIO (OCLC)
Datos de opción del usuario
942 ## - ELEMENTOS DE PUNTO DE ACCESO ADICIONAL (KOHA)
Tipo de ítem Koha Libro_
942 ## - ELEMENTOS DE PUNTO DE ACCESO ADICIONAL (KOHA)
Tipo de ítem Koha
Holdings
Estado de retiro Estado de pérdida Fuente del sistema de clasificación o colocación Estado dañado No para préstamo Código de colección Localización permanente Ubicación/localización actual Ubicación en estantería Fecha de adquisición Código de barras Fecha visto por última vez Número de copia Precio válido a partir de Tipo de ítem Koha
    Dewey Decimal Classification     General Zootecnia Zootecnia   09/09/2014 z_6338 18/01/2022 1 18/01/2022 Libro